Introducción a la metodología de la investigación aplicada al saber administrativo (Registro nro. 240)
[ vista simple ]
| 000 -LEADER | |
|---|---|
| fixed length control field | 01393 a2200253 4500 |
| 001 - CONTROL NUMBER | |
| control field | 1971 |
| 005 - DATE AND TIME OF LATEST TRANSACTION | |
| control field | 20260407155422.0 |
| 008 - FIXED-LENGTH DATA ELEMENTS--GENERAL INFORMATION | |
| fixed length control field | 260407a2002 arg spa d |
| 003 - CONTROL NUMBER IDENTIFIER | |
| control field | AR-UNSa-BCEJYS |
| 040 ## - CATALOGING SOURCE | |
| Original cataloging agency | AR-UNSa-BCEJYS |
| Language of cataloging | spa |
| Transcribing agency | AR-UNSa-BCEJYS |
| 080 ## - UNIVERSAL DECIMAL CLASSIFICATION NUMBER | |
| Universal Decimal Classification number | 001.8 |
| Common auxiliary subdivision | Metodología. Estudio general del método. Procedimientos científicos y técnicos para el estudio, La investigación y la discusión |
| 020 ## - INTERNATIONAL STANDARD BOOK NUMBER | |
| International Standard Book Number | 978-987-1076-09-3 |
| 041 ## - LANGUAGE CODE | |
| Language code of text/sound track or separate title | spa |
| 100 1# - MAIN ENTRY--PERSONAL NAME | |
| Personal name | Fassio, Adriana |
| 245 10 - TITLE STATEMENT | |
| Title | Introducción a la metodología de la investigación aplicada al saber administrativo |
| 264 #1 - PRODUCTION, PUBLICATION, DISTRIBUTION, MANUFACTURE, AND COPYRIGHT NOTICE | |
| Place of production, publication, distribution, manufacture | Buenos Aires : |
| Name of producer, publisher, distributor, manufacturer | Ediciones Cooperativas |
| Date of production, publication, distribution, manufacture, or copyright notice | 2002 |
| 300 ## - PHYSICAL DESCRIPTION | |
| Extent | 176 p. |
| Dimensions | 20 cm. |
| 505 ## - FORMATTED CONTENTS NOTE | |
| Formatted contents note | 1. ¿Qué significa investigar? - 2. ¿Cómo elaborar el marco teórico? - 3. ¿Qué diseño de investigación es más adecuado para el proyecto que pienso llevar a cabo? - 4. ¿De quiénes predicar? ¿Cuál es el proceso de construcción de nuestras unidades de análisis? - 5. ¿Cómo se recolectan los datos? - 6. ¿Cómo pasar de los hechos a la reflexión sobre los mismos? - 7. ¿Cómo exponer los hallazgos? |
| 590 ## - LOCAL NOTE (RLIN) | |
| Local note | niveau_biblio:m niveau_hierar:0 |
| 700 1# - ADDED ENTRY--PERSONAL NAME | |
| Personal name | Pascual, Liliana |
| 700 1# - ADDED ENTRY--PERSONAL NAME | |
| Personal name | Suárez, Francisco M. |
| 856 41 - ELECTRONIC LOCATION AND ACCESS | |
| Uniform Resource Identifier | <a href="https://biblioeco.unsa.edu.ar/pmb/images/libros/Introduccion a la metodologia de la investigacion2-l118271.jpg">https://biblioeco.unsa.edu.ar/pmb/images/libros/Introduccion a la metodologia de la investigacion2-l118271.jpg</a> |
| Link text | Imagen de portada |
| Electronic format type | image/jpeg |
| 942 ## - ADDED ENTRY ELEMENTS (KOHA) | |
| Koha item type | |
| Withdrawn status | Lost status | Damaged status | Not for loan | Home library | Current library | Shelving location | Date acquired | Total checkouts | Full call number | Barcode | Date last seen | Price effective from | Koha item type |
|---|---|---|---|---|---|---|---|---|---|---|---|---|---|
| Biblioteca Prof. Eusebio Cleto del Rey | Biblioteca Prof. Eusebio Cleto del Rey | 07/04/2026 | 001.8 F249 | L118270 | 07/04/2026 | 07/04/2026 | Libro | ||||||
| Biblioteca Prof. Eusebio Cleto del Rey | Biblioteca Prof. Eusebio Cleto del Rey | 07/04/2026 | 001.8 F249 | L118271 | 07/04/2026 | 07/04/2026 | Libro |